| 000 | 00668nam a2200241 i 4500 | ||
|---|---|---|---|
| 001 | 17427 | ||
| 003 | ES-MaACL | ||
| 005 | 20230906151559.0 | ||
| 007 | t| | ||
| 008 | 010305s2000 sp ||||1| spa d | ||
| 020 | _a84-8428-013-6 | ||
| 080 | _a821.111(73)-31"19" | ||
| 100 | 1 |
_aCather, Willa. _937068 |
|
| 245 | 1 | 0 |
_aMi Antonia / _cWilla Cather ; traducción: Gema Moral Bartolomé. |
| 250 | _a1ª ed. | ||
| 260 |
_aBarcelona : _bAlba, _c2000. |
||
| 300 |
_a382 p. ; _c21 cm. |
||
| 490 | 1 |
_aAlba clásica ; _v35 |
|
| 700 | 1 |
_aMoral, Gemma. _982934 |
|
| 830 | 0 |
_aAlba clásica ; _v35 _9179792 |
|
| 852 |
_aES-MaACL _jL-24386 _bR.120508 |
||
| 999 |
_c17427 _d17427 |
||